Oxford beginners Japanese dictionary / (Record no. 4875)

000 -LEADER
fixed length control field 01114cam a22002774a 4500
003 - CONTROL NUMBER IDENTIFIER
control field ALUPE UNIVERSITY
005 - DATE AND TIME OF LATEST TRANSACTION
control field 20220330094933.0
008 - FIXED-LENGTH DATA ELEMENTS--GENERAL INFORMATION
fixed length control field 060516s2006 nyu d 000 0 eng
020 ## - INTERNATIONAL STANDARD BOOK NUMBER
International Standard Book Number 0199298521
020 ## - INTERNATIONAL STANDARD BOOK NUMBER
International Standard Book Number 9780199298525
040 ## - CATALOGING SOURCE
Transcribing agency ALUPE UNIVERSITY
042 ## - AUTHENTICATION CODE
Authentication code pcc
050 00 - LIBRARY OF CONGRESS CALL NUMBER
Classification number PL679
Item number .O94 2006
245 00 - TITLE STATEMENT
Title Oxford beginners Japanese dictionary /
Statement of responsibility, etc. edited by Jonathan Bunt, with Gillian Hall.
260 ## - PUBLICATION, DISTRIBUTION, ETC.
Place of publication, distribution, etc. Oxford [England] :
-- New York :
Name of publisher, distributor, etc. Oxford University Press,
Date of publication, distribution, etc. c2006.
300 ## - PHYSICAL DESCRIPTION
Extent xvi, 464 p. ;
Dimensions 20 cm.
500 ## - GENERAL NOTE
General note First published as: The Oxford starter Japanese dictionary. 2000. Republished as: Oxford beginners Japanese dictionary, 2006.
650 #0 - SUBJECT ADDED ENTRY--TOPICAL TERM
Topical term or geographic name entry element Japanese language
Form subdivision Dictionaries
General subdivision English.
650 #0 - SUBJECT ADDED ENTRY--TOPICAL TERM
Topical term or geographic name entry element English language
Form subdivision Dictionaries
General subdivision Japanese.
700 1# - ADDED ENTRY--PERSONAL NAME
Personal name Bunt, Jonathan.
700 1# - ADDED ENTRY--PERSONAL NAME
Personal name Hall, Gillian.
856 42 - ELECTRONIC LOCATION AND ACCESS
Uniform Resource Identifier http://www.loc.gov/catdir/enhancements/fy0725/2006046440-d.html
906 ## - LOCAL DATA ELEMENT F, LDF (RLIN)
a 7
b cbc
c orignew
d 1
e ocip
f 20
g y-gencatlg
942 ## - ADDED ENTRY ELEMENTS (KOHA)
Source of classification or shelving scheme
Koha item type References
Holdings
Withdrawn status Lost status Source of classification or shelving scheme Damaged status Not for loan Permanent Location Current Location Shelving location Date acquired Source of acquisition Total Checkouts Full call number Barcode Date last seen Price effective from Koha item type Public note
          AU LIBRARY AU LIBRARY Reference 30.03.2022 DONATION FROM MOI UNIVERSITY   PL679 .O94 2006 28002829 30.03.2022 30.03.2022 References WO

Powered by Koha